| 000 | 00727nam a22002297i 4500 | ||
|---|---|---|---|
| 003 | URS | ||
| 005 | 20220114152854.0 | ||
| 008 | 171107b xxu||||| |||| 00| 0 eng d | ||
| 020 | _a9789719905905 | ||
| 040 |
_erda _cURSP-College Library _beng |
||
| 050 |
_aPL6153 _b899.211 P41g 2015 |
||
| 100 | 1 | _aPerez, Rodolfo C. | |
| 245 |
_aGems reading in philippine literature. _cRodolfo C. Perez |
||
| 264 | 1 |
_aManila _bMindshapers Company,Inc. _c2015. |
|
| 300 |
_axii, 225 pages _billustrations _c25cm |
||
| 336 |
_atext _btxt _2rdacontent |
||
| 337 |
_aunmediated _bn _2rdamedia |
||
| 338 |
_avolume _bnc _2rdacarrier |
||
| 500 | _aIncludes glossary, references and bibliography | ||
| 650 | 0 | _aPhilippine literature. | |
| 942 |
_cF _2lcc |
||
| 999 |
_c7758 _d7758 |
||